[Event "DEN-ch Blitz"]
[Site "Snekkersten"]
[Date "2024.09.01"]
[Round "2"]
[White "Hector, Jonny"]
[Black "Larsen, Ole Bogh"]
[Result "1-0"]
[WhiteElo "2437"]
[BlackElo "2196"]
[PlyCount "53"]
[EventDate "2024.09.01"]
[EventType "swiss (blitz)"]
[EventRounds "13"]
[EventCountry "DEN"]
[SourceTitle "CBM 221 Extra"]
[Source "ChessBase"]
[SourceDate "2024.09.30"]
[SourceVersion "1"]
[SourceVersionDate "2024.09.30"]
[SourceQuality "1"]

1. e4 e5 2. Nf3 Nc6 3. Nc3 Nf6 4. d4 exd4 5. Nd5 Be7 6. Bc4 d6 7. Nxd4 Nxd5 8. exd5 Ne5 9. Be2 0-0 10. f4 Nd7 11. 0-0 Nc5 12. Bf3 Bf6 13. c3 Bd7 14. Be3 Re8 15. Re1 a6 16. Qc2 g6 17. Bf2 Bb5 18. a4 Bd3 19. Rxe8+ Qxe8 20. Qd1 Be4 21. b4 Bxf3 22. gxf3 Bxd4 23. Qxd4 Nb3 24. Qf6 Qd8 25. Qxd8+ Rxd8 26. Re1 Kf8 27. Be3 1-0

[Event "DEN-ch Blitz"]
[Site "Snekkersten"]
[Date "2024.09.01"]
[Round "10"]
[White "Jacobsen, Mikkel Manosri"]
[Black "Larsen, Ole Bogh"]
[Result "1-0"]
[WhiteElo "2287"]
[BlackElo "2196"]
[PlyCount "46"]
[EventDate "2024.09.01"]
[EventType "swiss (blitz)"]
[EventRounds "13"]
[EventCountry "DEN"]
[SourceTitle "CBM 221 Extra"]
[Source "ChessBase"]
[SourceDate "2024.09.30"]
[SourceVersion "1"]
[SourceVersionDate "2024.09.30"]
[SourceQuality "1"]

1. d4 Nf6 2. Nf3 g6 3. Bf4 Bg7 4. c3 0-0 5. Nbd2 d5 6. e3 b6 7. h4 c5 8. Ne5 Nfd7 9. h5 Nxe5 10. Bxe5 Bxe5 11. dxe5 Nc6 12. f4 Qd7 13. Bd3 Qg4 14. Nf3 Qg3+ 15. Kf1 d4 16. hxg6 hxg6 17. Qe2 dxe3 18. Qxe3 Bg4 19. Be4 Rac8 20. Re1 Na5 21. f5 Bxf3 22. Bxf3 g5 23. Rh3 Qf4 1-0

[Event "DEN-ch Blitz"]
[Site "Snekkersten"]
[Date "2024.09.01"]
[Round "11"]
[White "Larsen, Ole Bogh"]
[Black "Hoyer, Jacob"]
[Result "0-1"]
[WhiteElo "2196"]
[BlackElo "2171"]
[PlyCount "66"]
[EventDate "2024.09.01"]
[EventType "swiss (blitz)"]
[EventRounds "13"]
[EventCountry "DEN"]
[SourceTitle "CBM 221 Extra"]
[Source "ChessBase"]
[SourceDate "2024.09.30"]
[SourceVersion "1"]
[SourceVersionDate "2024.09.30"]
[SourceQuality "1"]

1. e4 c5 2. Nf3 d6 3. d4 cxd4 4. Nxd4 Nf6 5. Nc3 a6 6. Bg5 e6 7. f4 h6 8. Bh4 Be7 9. Qf3 Nc6 10. 0-0-0 Bd7 11. g4 Nxd4 12. Rxd4 Qc7 13. Bg2 Bc6 14. Re1 b5 15. Bg3 Rc8 16. Kb1 a5 17. Qe2 b4 18. Nd5 exd5 19. exd5 Nxd5 20. Bxd5 Bxd5 21. Rxd5 0-0 22. f5 Rfd8 23. h4 Bf6 24. Bf4 Qc4 25. Qxc4 Rxc4 26. Rxd6 Rxf4 27. Rxd8+ Bxd8 28. a3 Bxh4 29. Re8+ Kh7 30. axb4 axb4 31. Rf8 Rxg4 32. Rxf7 Bf6 33. c4 Rxc4 0-1

[Event "DEN-ch Rapid"]
[Site "Snekkersten"]
[Date "2024.08.31"]
[Round "8"]
[White "Larsen, Ole Bogh"]
[Black "Nielsen, Frode Benedikt"]
[Result "0-1"]
[WhiteElo "2196"]
[BlackElo "1974"]
[PlyCount "136"]
[EventDate "2024.08.31"]
[EventType "swiss (rapid)"]
[EventRounds "9"]
[EventCountry "DEN"]
[SourceTitle "CBM 221 Extra"]
[Source "ChessBase"]
[SourceDate "2024.09.30"]
[SourceVersion "1"]
[SourceVersionDate "2024.09.30"]
[SourceQuality "1"]

1. d4 Nf6 2. Nf3 e6 3. g3 b6 4. Bg2 Bb7 5. 0-0 d5 6. c4 Nbd7 7. b3 Be7 8. Nc3 0-0 9. Bb2 c5 10. cxd5 Nxd5 11. Nxd5 Bxd5 12. dxc5 Nxc5 13. Rc1 Bf6 14. Bxf6 Qxf6 15. Qd4 Qxd4 16. Nxd4 Bxg2 17. Kxg2 Rfd8 18. Rfd1 Kf8 19. Nc6 Rd7 20. Ne5 Rxd1 21. Rxd1 Rc8 22. Nd7+ Ke7 23. Ne5 f6 24. Nc4 Ne4 25. f3 Nc3 26. Rd2 Rd8 27. Rc2 Nd5 28. Kf2 Nb4 29. Rb2 b5 30. Ne3 a6 31. a3 Nd5 32. Nxd5+ Rxd5 33. Rc2 Kd7 34. Ke3 e5 35. b4 Rd1 36. Ke4 Ra1 37. Rc3 Ra2 38. Ke3 h6 39. Kd3 Kd6 40. h4 g6 41. g4 f5 42. gxf5 gxf5 43. e3 Ra1 44. Rc8 Rxa3+ 45. Ke2 Ra2+ 46. Kd3 Ra3+ 47. Kd2 Kd5 48. Rc5+ Kd6 49. Rc8 Rb3 50. Rh8 Rxb4 51. Rxh6+ Kd5 52. Rxa6 Rxh4 53. Kd3 Kc5 54. Re6 e4+ 55. fxe4 fxe4+ 56. Kd2 Kc4 57. Rc6+ Kb4 58. Rd6 Rh2+ 59. Kc1 Kc3 60. Rd1 b4 61. Kb1 b3 62. Rc1+ Kd3 63. Re1 Rd2 64. Kc1 Rc2+ 65. Kb1 Re2 66. Rc1 Rxe3 67. Kb2 Kd2 68. Rc8 Rd3 0-1

[Event "Helsingor Kronborg Master"]
[Site "Helsingor"]
[Date "2023.05.18"]
[Round "5"]
[White "Nilsson, Patrik"]
[Black "Larsen, Ole Bogh"]
[Result "1/2-1/2"]
[WhiteElo "2191"]
[BlackElo "2205"]
[PlyCount "153"]
[EventDate "2023.05.18"]
[EventType "tourn"]
[EventRounds "7"]
[EventCountry "DEN"]
[SourceTitle "EXT 2025"]
[Source "ChessBase"]
[SourceDate "2024.10.14"]
[SourceVersion "1"]
[SourceVersionDate "2024.10.14"]
[SourceQuality "1"]

1. d4 Nf6 2. Bf4 d5 3. e3 c5 4. c3 Qb6 5. Qb3 c4 6. Qc2 Nc6 7. Nd2 e6 8. e4 Be7 9. exd5 exd5 10. b3 Nxd4 11. Qd1 Qe6+ 12. Ne2 Nc6 13. bxc4 0-0 14. g3 d4 15. cxd4 Nxd4 16. Be3 Rd8 17. Nxd4 Rxd4 18. Be2 Rd8 19. 0-0 Bd7 20. Bf3 Bc6 21. Bxc6 bxc6 22. Qf3 Rd3 23. Rfe1 Bb4 24. Re2 Rad8 25. Nf1 Ne4 26. Qg2 Nc3 27. Rc2 Qxc4 28. Bxa7 Rd1 29. Rxd1 Rxd1 30. f3 Qd3 31. Rb2 c5 32. Qf2 f5 33. Kg2 Nd5 34. Qe2 Qxe2+ 35. Rxe2 f4 36. Kf2 Ra1 37. gxf4 Nxf4 38. Rc2 Nd3+ 39. Ke2 Nc1+ 40. Ke3 Nxa2 41. Ng3 Nc3 42. Bb8 Nd5+ 43. Ke4 Nf6+ 44. Kf5 Ra3 45. f4 Kf7 46. Be5 Nd5 47. Ke4 Ne3 48. Re2 Ng4 49. Bd6 Nf6+ 50. Kf5 Ra7 51. Be5 g6+ 52. Kg5 Ng8 53. Ne4 h6+ 54. Kg4 c4 55. Rc2 h5+ 56. Kf3 Ra3+ 57. Kg2 c3 58. Nxc3 Bxc3 59. Rxc3 Ra7 60. Rc6 Rd7 61. Kf3 Rb7 62. Ke4 Ne7 63. Rf6+ Ke8 64. Re6 Kd7 65. Rd6+ Ke8 66. Re6 Kf7 67. Rf6+ Kg8 68. Bd6 Kg7 69. Be5 Rb4+ 70. Kd3 Kg8 71. Bd6 Rb3+ 72. Kc4 Re3 73. Bxe7 Rxe7 74. Rxg6+ Kh7 75. Rg5 Re4+ 76. Kd3 Rxf4 77. Rxh5+ 1/2-1/2

[Event "Helsingor Club-ch A"]
[Site "Helsingor"]
[Date "2021.08.24"]
[Round "3"]
[White "Larsen, Ole Bogh"]
[Black "Bjorneboe, Kristian"]
[Result "1-0"]
[WhiteElo "2253"]
[BlackElo "1921"]
[PlyCount "71"]
[EventDate "2021.08.24"]
[EventType "tourn"]
[EventRounds "7"]
[EventCountry "DEN"]
[SourceTitle "EXT 2025"]
[Source "ChessBase"]
[SourceDate "2024.10.14"]
[SourceVersion "1"]
[SourceVersionDate "2024.10.14"]
[SourceQuality "1"]

1. e4 c6 2. Nc3 d5 3. Nf3 Bg4 4. h3 Bxf3 5. Qxf3 e6 6. d3 Nd7 7. Bd2 Ngf6 8. g4 d4 9. Ne2 Qb6 10. 0-0-0 Bb4 11. g5 Bxd2+ 12. Rxd2 Ng8 13. c3 c5 14. h4 Ne7 15. h5 Rf8 16. Qg3 Rc8 17. h6 g6 18. f4 f5 19. Bg2 Kf7 20. Kb1 Rfd8 21. Rc1 Nb8 22. cxd4 cxd4 23. Rdc2 Rxc2 24. Rxc2 Nbc6 25. a3 Qa5 26. Nc1 Qa4 27. Qe1 Rd7 28. Rc4 Qa6 29. Nb3 Rd6 30. e5 Rd8 31. Qc1 Nd5 32. Nc5 Qb6 33. Nxb7 Qxb7 34. Bxd5 Rxd5 35. Rxc6 Rd7 36. Qc4 1-0

[Event "Helsingor Rapid op"]
[Site "Helsingor"]
[Date "2021.05.18"]
[Round "2"]
[White "Larsen, Ole Bogh"]
[Black "Bjorneboe, Kristian"]
[Result "1-0"]
[WhiteElo "2253"]
[BlackElo "1929"]
[PlyCount "53"]
[EventDate "2021.05.18"]
[EventType "swiss (rapid)"]
[EventRounds "6"]
[EventCountry "DEN"]
[SourceTitle "EXT 2025"]
[Source "ChessBase"]
[SourceDate "2024.10.14"]
[SourceVersion "1"]
[SourceVersionDate "2024.10.14"]
[SourceQuality "1"]

1. e4 c6 2. d4 d5 3. exd5 cxd5 4. c4 Nf6 5. Nc3 e6 6. Nf3 Nc6 7. c5 b6 8. Bb5 Bd7 9. Bxc6 Bxc6 10. Ne5 Qc8 11. b4 bxc5 12. bxc5 Be7 13. 0-0 0-0 14. Qc2 Nd7 15. Bf4 Nxe5 16. Bxe5 f6 17. Bg3 e5 18. Rfe1 e4 19. Qb3 Qb7 20. Qxb7 Bxb7 21. Nb5 Bc6 22. Nc7 Rac8 23. Rab1 f5 24. Be5 Rf7 25. Nb5 Bf6 26. Nd6 Bxe5 27. dxe5 1-0

[Event "Politiken Cup 37th"]
[Site "Helsingor"]
[Date "2015.08.01"]
[Round "9"]
[White "Larsen, Ole Bogh"]
[Black "Jensen, Tobias Ilsoe"]
[Result "1/2-1/2"]
[WhiteElo "2203"]
[BlackElo "2014"]
[PlyCount "32"]
[EventDate "2015.07.25"]
[EventType "swiss"]
[EventRounds "10"]
[EventCountry "DEN"]
[SourceTitle "CBM 167 Extra"]
[Source "ChessBase"]
[SourceDate "2015.09.14"]
[SourceVersion "1"]
[SourceVersionDate "2015.09.14"]
[SourceQuality "1"]

1. d4 Nf6 2. c4 e6 3. Nf3 Bb4+ 4. Nbd2 d5 5. e3 0-0 6. a3 Be7 7. Bd3 b6 8. Qc2 Nbd7 9. 0-0 Bb7 10. b4 c5 11. bxc5 bxc5 12. Rb1 Qc7 13. cxd5 exd5 14. dxc5 Nxc5 15. Bb2 Rac8 16. Rfc1 Nfe4 1/2-1/2

[Event "Politiken Cup 37th"]
[Site "Helsingor"]
[Date "2015.07.29"]
[Round "6"]
[White "Jensen, Morten Frank"]
[Black "Larsen, Ole Bogh"]
[Result "1/2-1/2"]
[WhiteElo "2028"]
[BlackElo "2203"]
[PlyCount "81"]
[EventDate "2015.07.25"]
[EventType "swiss"]
[EventRounds "10"]
[EventCountry "DEN"]
[SourceTitle "CBM 167 Extra"]
[Source "ChessBase"]
[SourceDate "2015.09.14"]
[SourceVersion "1"]
[SourceVersionDate "2015.09.14"]
[SourceQuality "1"]

1. e4 e5 2. Bb5 Nc6 3. Nc3 Nf6 4. d3 a6 5. Ba4 d6 6. h3 b5 7. Bb3 Nd4 8. Nf3 Nxb3 9. axb3 Bb7 10. Bg5 Be7 11. 0-0 0-0 12. Qd2 Nh5 13. Bxe7 Qxe7 14. Qg5 Qxg5 15. Nxg5 h6 16. Nf3 f5 17. Nd2 Nf4 18. Rae1 Ne6 19. Ne2 Rf7 20. f3 g6 21. g3 Raf8 22. b4 c5 23. bxc5 Nxc5 24. b4 Ne6 25. c3 Rc8 26. Rc1 Rfc7 27. Nb3 d5 28. exf5 gxf5 29. d4 exd4 30. cxd4 Rc4 31. Na5 Nxd4 32. Nxd4 Rxc1 33. Nxb7 Rxf1+ 34. Kxf1 Rc4 35. Nxf5 Rxb4 36. Nxh6+ Kh7 37. Nf5 Rc4 38. Ke2 b4 39. Ne3 Rc7 40. Na5 Rc5 41. Nb3 1/2-1/2

[Event "Politiken Cup 37th"]
[Site "Helsingor"]
[Date "2015.07.28"]
[Round "5"]
[White "Larsen, Ole Bogh"]
[Black "Hogeman, Joel"]
[Result "1-0"]
[WhiteElo "2203"]
[BlackElo "1946"]
[PlyCount "131"]
[EventDate "2015.07.25"]
[EventType "swiss"]
[EventRounds "10"]
[EventCountry "DEN"]
[SourceTitle "CBM 167 Extra"]
[Source "ChessBase"]
[SourceDate "2015.09.14"]
[SourceVersion "1"]
[SourceVersionDate "2015.09.14"]
[SourceQuality "1"]

1. d4 Nf6 2. c4 e6 3. Nc3 Bb4 4. a3 Bxc3+ 5. bxc3 b6 6. f3 Nc6 7. e4 Ba6 8. Bd3 Na5 9. Qe2 d6 10. Nh3 Qd7 11. 0-0 Qa4 12. Bg5 Bxc4 13. Bxf6 gxf6 14. Nf4 Ke7 15. Rad1 h5 16. d5 e5 17. Nh3 Rag8 18. f4 Rg6 19. fxe5 fxe5 20. Qf3 Qe8 21. Ng5 f6 22. Ne6 Qd7 23. Qf5 Rhg8 24. Qxh5 Rxg2+ 25. Kh1 Bxd3 26. Rxd3 Qe8 27. Qh7+ Qf7 28. Qxf7+ Kxf7 29. Rdf3 R2g6 30. Rh3 Nc4 31. Rh7+ Ke8 32. Nxc7+ Kd8 33. Ne6+ Ke8 34. Rxa7 Nd2 35. Ra8+ Kf7 36. Rxg8 Rxg8 37. Re1 Nf3 38. Rb1 Nd2 39. Rxb6 Nxe4 40. Rb7+ Kg6 41. c4 Ra8 42. Rb3 Ra4 43. c5 dxc5 44. d6 Nxd6 45. Nxc5 Rc4 46. Nd3 e4 47. Rb6 Rd4 48. Nf4+ Kf5 49. Ne2 Rd2 50. Ng3+ Kf4 51. Nf1 Rd3 52. h4 Kg4 53. Ne3+ Rxe3 54. Rxd6 Kg3 55. Rd1 Kxh4 56. Ra1 Rd3 57. Kg2 f5 58. a4 f4 59. a5 f3+ 60. Kf2 Rd2+ 61. Ke3 Re2+ 62. Kf4 Kh3 63. a6 Rc2 64. a7 Rc8 65. Ke3 Kg2 66. a8Q 1-0

[Event "DEN-chT 0809"]
[Site "Denmark"]
[Date "2008.12.07"]
[Round "3.5"]
[White "Hove, Esben Kjems"]
[Black "Larsen, Ole Bogh"]
[Result "1/2-1/2"]
[WhiteElo "2285"]
[BlackElo "2274"]
[PlyCount "73"]
[EventDate "2008.11.01"]
[EventType "team-tourn"]
[EventRounds "9"]
[EventCountry "DEN"]
[SourceTitle "EXT 2023"]
[Source "ChessBase"]
[SourceDate "2022.10.05"]
[SourceVersion "1"]
[SourceVersionDate "2022.10.05"]
[SourceQuality "1"]
[WhiteTeam "Nordkalotten"]
[BlackTeam "Helsingor"]
[WhiteTeamCountry "DEN"]
[BlackTeamCountry "DEN"]

1. d4 Nf6 2. Nf3 g6 3. Bg5 Ne4 4. Bf4 Bg7 5. Nbd2 d5 6. c3 0-0 7. h3 c5 8. e3 Nc6 9. Be2 cxd4 10. exd4 Bf5 11. 0-0 Rc8 12. Nxe4 Bxe4 13. Nd2 Bf5 14. Re1 a6 15. Nb3 Qb6 16. Bf3 Rfd8 17. Qe2 a5 18. g4 Be4 19. Bxe4 dxe4 20. Qxe4 a4 21. Nc1 Qxb2 22. Ne2 Qb5 23. Rab1 Qc4 24. Rxb7 e5 25. Bg5 Re8 26. Nc1 Qxc3 27. d5 Nd4 28. Kg2 f6 29. d6 Rcd8 30. Qd5+ Re6 31. Rxe5 fxe5 32. Bxd8 e4 33. Bb6 Qf3+ 34. Kg1 Qd1+ 35. Kg2 Qf3+ 36. Kg1 Qd1+ 37. Kg2 1/2-1/2

[Event "DEN-chT 0708"]
[Site "Denmark"]
[Date "2008.01.12"]
[Round "4.4"]
[White "Jakobsen, Peter"]
[Black "Larsen, Ole Bogh"]
[Result "1/2-1/2"]
[WhiteElo "2215"]
[BlackElo "2235"]
[PlyCount "49"]
[EventDate "2007.11.10"]
[EventType "team-tourn"]
[EventRounds "9"]
[EventCountry "DEN"]
[SourceTitle "EXT 2023"]
[Source "ChessBase"]
[SourceDate "2022.10.05"]
[SourceVersion "1"]
[SourceVersionDate "2022.10.05"]
[SourceQuality "1"]
[WhiteTeam "Nordkalotten"]
[BlackTeam "Helsingor"]
[WhiteTeamCountry "DEN"]
[BlackTeamCountry "DEN"]

1. e4 e5 2. Nf3 Nc6 3. Bb5 a6 4. Ba4 Nf6 5. 0-0 Be7 6. Re1 b5 7. Bb3 0-0 8. h3 d6 9. c3 Na5 10. Bc2 c5 11. d4 Qc7 12. Nbd2 cxd4 13. cxd4 Rd8 14. d5 Bd7 15. Nf1 Rdc8 16. Bd3 h6 17. Ng3 Qd8 18. b3 Nb7 19. Be3 Nc5 20. Rc1 Nxd3 21. Qxd3 Qa5 22. Qb1 Bd8 23. Qb2 Rxc1 24. Rxc1 Rc8 25. Rxc8 1/2-1/2

[Event "DEN-chT 0708"]
[Site "Denmark"]
[Date "2007.11.11"]
[Round "2.5"]
[White "Larsen, Ole Bogh"]
[Black "Strandby, Martin"]
[Result "1-0"]
[WhiteElo "2235"]
[BlackElo "2072"]
[PlyCount "87"]
[EventDate "2007.11.10"]
[EventType "team-tourn"]
[EventRounds "9"]
[EventCountry "DEN"]
[SourceTitle "EXT 2023"]
[Source "ChessBase"]
[SourceDate "2022.10.05"]
[SourceVersion "1"]
[SourceVersionDate "2022.10.05"]
[SourceQuality "1"]
[WhiteTeam "Helsingor"]
[BlackTeam "Sydostfyn"]
[WhiteTeamCountry "DEN"]
[BlackTeamCountry "DEN"]

1. d4 Nf6 2. Nf3 d5 3. c4 dxc4 4. e3 e6 5. Bxc4 c5 6. 0-0 a6 7. e4 Nxe4 8. Qe2 Nf6 9. d5 Nxd5 10. Rd1 Be7 11. Nc3 0-0 12. Bxd5 exd5 13. Nxd5 Be6 14. Nf6+ Bxf6 15. Rxd8 Rxd8 16. Bg5 Nc6 17. Bxf6 gxf6 18. Qe3 Rd5 19. Qh6 Rad8 20. h3 Ne5 21. Qxf6 Nxf3+ 22. Qxf3 b5 23. Re1 Rd3 24. Qf6 Rd1 25. Kh2 Rxe1 26. Qxd8+ Kg7 27. Qg5+ Kf8 28. Qxc5+ Ke8 29. Qc6+ Bd7 30. Qxa6 Re2 31. Qa7 Rc2 32. Qa8+ Rc8 33. Qe4+ Be6 34. b3 h6 35. a4 bxa4 36. bxa4 Rc4 37. Qa8+ Ke7 38. a5 Kd6 39. a6 Bd5 40. Qb8+ Kc5 41. a7 Ra4 42. Qc7+ Kb4 43. Qd7 Ra5 44. Qxd5 1-0

[Event "DEN-chT 0607"]
[Site "Denmark"]
[Date "2007.03.04"]
[Round "7.4"]
[White "Palm, Nikolaj"]
[Black "Larsen, Ole Bogh"]
[Result "1/2-1/2"]
[WhiteElo "2268"]
[BlackElo "2226"]
[PlyCount "133"]
[EventDate "2006.11.04"]
[EventType "team-tourn"]
[EventRounds "9"]
[EventCountry "DEN"]
[SourceTitle "EXT 2023"]
[Source "ChessBase"]
[SourceDate "2022.10.05"]
[SourceVersion "1"]
[SourceVersionDate "2022.10.05"]
[SourceQuality "1"]
[WhiteTeam "Bronshoj"]
[BlackTeam "Helsingor"]
[WhiteTeamCountry "DEN"]
[BlackTeamCountry "DEN"]

1. d4 Nf6 2. c4 g6 3. Nc3 d5 4. Nf3 Bg7 5. Bg5 Ne4 6. cxd5 Nxg5 7. Nxg5 e6 8. Qd2 h6 9. Nh3 exd5 10. e3 0-0 11. Nf4 c5 12. Bb5 Nc6 13. Nfe2 cxd4 14. exd4 Qb6 15. Rd1 Bg4 16. f3 Bf5 17. 0-0 Rad8 18. Bxc6 bxc6 19. Na4 Qc7 20. Ng3 Bc8 21. Nc5 h5 22. Rfe1 Rfe8 23. Nb3 Qb6 24. Re3 Kh7 25. Qe1 Re6 26. Rxe6 Bxe6 27. Qc3 h4 28. Ne2 Re8 29. Qe1 Bf6 30. Qd2 Bf5 31. g4 hxg3 32. hxg3 Qd8 33. Nc3 Qd6 34. Kg2 Qe7 35. Kf2 Kg7 36. Rh1 Rh8 37. Rxh8 Kxh8 38. Qh6+ Kg8 39. Qd2 Kg7 40. Qd1 Qb4 41. Qd2 Qb8 42. Ne2 Qh8 43. Kg1 Qh3 44. Qc3 Bg5 45. Na5 Bd7 46. f4 Qe6 47. Kf2 Bf6 48. Ng1 Qe4 49. Nb3 Bg4 50. Qd2 Qh1 51. Qc3 Qh2+ 52. Kf1 g5 53. Qe3 gxf4 54. Qxf4 Bh5 55. Qf2 Qh1 56. Nd2 Bg6 57. Ndf3 Qh6 58. Kg2 Be4 59. b3 Qc1 60. Kh2 Qh6+ 61. Nh4 Bg5 62. Nh3 f6 63. Nf5+ Bxf5 64. Qxf5 Qh5 65. Qd7+ Kh6 66. g4 Qh4 67. Qf5 1/2-1/2

[Event "DEN-chT 0506"]
[Site "Denmark"]
[Date "2006.02.05"]
[Round "6.4"]
[White "Brinck Claussen, Bjorn"]
[Black "Larsen, Ole Bogh"]
[Result "0-1"]
[WhiteElo "2306"]
[BlackElo "2202"]
[PlyCount "78"]
[EventDate "2005.11.05"]
[EventType "team-tourn"]
[EventRounds "9"]
[EventCountry "DEN"]
[SourceTitle "EXT 2023"]
[Source "ChessBase"]
[SourceDate "2022.10.05"]
[SourceVersion "1"]
[SourceVersionDate "2022.10.05"]
[SourceQuality "1"]
[WhiteTeam "Bronshoj"]
[BlackTeam "Helsingor"]
[WhiteTeamCountry "DEN"]
[BlackTeamCountry "DEN"]

1. e4 c5 2. Nf3 Nc6 3. d4 cxd4 4. Nxd4 Nf6 5. Nc3 d6 6. Bg5 e6 7. Qd2 Be7 8. 0-0-0 0-0 9. f4 e5 10. Nf5 Bxf5 11. exf5 Qa5 12. Kb1 Rfe8 13. Bc4 Rad8 14. Qe1 exf4 15. Qh4 d5 16. Bb3 d4 17. Ne2 Qxf5 18. Rhf1 h6 19. Bxf4 Ne4 20. Qe1 Bb4 21. Bxh6 Bxe1 22. Rxf5 Nd6 23. Rf1 Rxe2 24. Bg5 Rde8 25. Bf4 Ne4 26. Bc4 d3 27. Bxd3 Nd2+ 28. Bxd2 Bxd2 29. Bxe2 Rxe2 30. Rf3 Ne5 31. Rb3 b6 32. Rb5 f6 33. Rd5 Be3 34. a4 a5 35. h3 Rxg2 36. c3 Nc4 37. Rb5 Bc5 38. Rd5 Rh2 39. Rh5 g5 0-1

[Event "DEN-chT 0506"]
[Site "Denmark"]
[Date "2005.11.20"]
[Round "3.5"]
[White "Fries Nielsen, Niels Jorgen"]
[Black "Larsen, Ole Bogh"]
[Result "1/2-1/2"]
[WhiteElo "2386"]
[BlackElo "2202"]
[PlyCount "41"]
[EventDate "2005.11.05"]
[EventType "team-tourn"]
[EventRounds "9"]
[EventCountry "DEN"]
[SourceTitle "EXT 2023"]
[Source "ChessBase"]
[SourceDate "2022.10.05"]
[SourceVersion "1"]
[SourceVersionDate "2022.10.05"]
[SourceQuality "1"]
[WhiteTeam "Helsinge"]
[BlackTeam "Helsingor"]
[WhiteTeamCountry "DEN"]
[BlackTeamCountry "DEN"]

1. f4 d5 2. Nf3 Nf6 3. e3 Bg4 4. Be2 Nbd7 5. b3 e6 6. Bb2 Bd6 7. Ne5 Bxe2 8. Qxe2 0-0 9. d3 c6 10. Nd2 Qe7 11. a4 Ne8 12. 0-0 f6 13. Nxd7 Qxd7 14. e4 Nc7 15. e5 fxe5 16. Bxe5 Bxe5 17. Qxe5 Rf5 18. Qd4 b6 19. g4 e5 20. fxe5 c5 21. Qe3 1/2-1/2

[Event "DEN-chT 0405"]
[Site "Denmark"]
[Date "2005.03.05"]
[Round "7.4"]
[White "Bromann, Thorbjorn"]
[Black "Larsen, Ole Bogh"]
[Result "1-0"]
[WhiteElo "2339"]
[BlackElo "2235"]
[PlyCount "83"]
[EventDate "2004.11.06"]
[EventType "team-tourn"]
[EventRounds "7"]
[EventCountry "DEN"]
[SourceTitle "EXT 2023"]
[Source "ChessBase"]
[SourceDate "2022.10.05"]
[SourceVersion "1"]
[SourceVersionDate "2022.10.05"]
[SourceQuality "1"]
[WhiteTeam "Bronshoj"]
[BlackTeam "Helsingor"]
[WhiteTeamCountry "DEN"]
[BlackTeamCountry "DEN"]

1. e4 e6 2. d4 d5 3. Nc3 Bb4 4. Bd3 dxe4 5. Bxe4 Nf6 6. Bd3 c5 7. Nf3 0-0 8. 0-0 cxd4 9. Nxd4 b6 10. Qf3 Nd5 11. Nce2 Na6 12. c4 Ndc7 13. Be4 Bd7 14. Bxa8 Qxa8 15. Qxa8 Rxa8 16. Rd1 f6 17. Nc2 Be8 18. Nxb4 Nxb4 19. Bd2 Nc6 20. Be3 Kf7 21. Nc3 Nb4 22. Rd2 Rc8 23. Ne4 Ke7 24. Nd6 Rd8 25. Rad1 Nc6 26. Nxe8 Rxd2 27. Rxd2 Nxe8 28. b3 e5 29. a4 f5 30. f4 h6 31. fxe5 Ke6 32. c5 bxc5 33. Bxc5 a6 34. Bd6 a5 35. Kf2 g5 36. Ke3 Nxe5 37. Bxe5 Kxe5 38. Rc2 Kd6 39. Rc8 Nf6 40. Kd4 f4 41. Ra8 Ng4 42. Rxa5 1-0